| 000 | 00574nam a2200217Ia 4500 | ||
|---|---|---|---|
| 003 | OSt | ||
| 005 | 20140311163112.0 | ||
| 008 | 140130s9999 xx 000 0 und d | ||
| 050 |
_aPZ 7 _b.W84737Li 1994 |
||
| 100 |
_aWood, Audrey _930930 |
||
| 245 |
_aThe little mouse, the red ripe strawberry, and the big hungry bear / _cWood, Audrey. |
||
| 260 |
_bScholastic, _c1994. _aNew York : |
||
| 300 |
_bcol. ill. ; _c24 cm. |
||
| 440 |
_v1 _930931 |
||
| 521 | _aG3 | ||
| 526 | _c510 | ||
| 942 |
_cBK-SCHOLAS _2lcc |
||
| 999 |
_c40573 _d40573 |
||